Digital computers circuits and concepts / (Record no. 12849)
[ view plain ]
| 000 -LEADER | |
|---|---|
| fixed length control field | 00642nam a2200193 a 4500 |
| 020 ## - INTERNATIONAL STANDARD BOOK NUMBER | |
| ISBN | 0879091932 (hardcover) |
| 020 ## - INTERNATIONAL STANDARD BOOK NUMBER | |
| ISBN | 9780879091934 (hardcover) |
| 100 1# - MAIN ENTRY--AUTHOR NAME | |
| Personal name | Deem, William. |
| 245 10 - TITLE STATEMENT | |
| Title | Digital computers circuits and concepts / |
| 250 ## - EDITION STATEMENT | |
| Edition statement | First Edition. |
| 260 ## - PUBLICATION, DISTRIBUTION, ETC. (IMPRINT) | |
| Place of publication | [S.l.] : |
| Name of publisher | Reston Publishing, |
| Year of publication | 1975. |
| 300 ## - PHYSICAL DESCRIPTION | |
| Number of Pages | 376 p. ; |
| 520 ## - SUMMARY, ETC. | |
| Summary, etc | Digital Computers Circuits and Concepts. |
| 700 1# - ADDED ENTRY--PERSONAL NAME | |
| Personal name | etc. |
| 856 40 - ELECTRONIC LOCATION AND ACCESS | |
| Uniform Resource Identifier | http://www.amazon.com/exec/obidos/ASIN/0879091932/chopaconline-20 |
| Withdrawn status | Lost status | Home library | Current library | Date acquired | Cost, normal purchase price | Full call number | Accession Number | Koha item type |
|---|---|---|---|---|---|---|---|---|
| Central Library, QUEST, Nawabshah | Central Library, QUEST, Nawabshah | 07/04/2015 | 242.19 | 621.38195DEE | 8728 | Books |